Известкование сельскохозяйственных земель. ... за 1965-1969 гг. ... (Запись № 7689122)

Подробности
000 -МАРКЕР
контрольное поле 02501nam2a2200313 4500
001 - ИДЕНТИФИКАТОР ЗАПИСИ
контрольное поле rc\3321019
005 - ИДЕНТИФИКАТОР ВЕРСИИ
контрольное поле 20260508114550.0
021 ## - НОМЕР ГОСУДАРСТВЕННОЙ РЕГИСТРАЦИИ
Код страны Российская Федерация
Номер [70-61008]
035 ## - ДРУГИЕ СИСТЕМНЫЕ НОМЕРА
Идентификатор записи (NLR Aleph) 007508790
100 ## - ДАННЫЕ ОБЩЕЙ ОБРАБОТКИ
Данные общей обработки 20130115d1970 u y0rusy50 ca
101 0# - ЯЗЫК РЕСУРСА
Язык текста, звукозаписи и т.д. русский
102 ## - СТРАНА ПУБЛИКАЦИИ ИЛИ ПРОИЗВОДСТВА
Страна публикации Российская Федерация
105 ## - ПОЛЕ КОДИРОВАННЫХ ДАННЫХ: ТЕКСТОВЫЕ МАТЕРИАЛЫ, МОНОГРАФИЧЕСКИЕ
Кодированные данные о монографическом текстовом документе y acg 000yy
200 0# - ЗАГЛАВИЕ И СВЕДЕНИЯ ОБ ОТВЕТСТВЕННОСТИ
Основное заглавие ... за 1965-1969 гг. ...
Первые сведения об ответственности ... Справочно-библиографический отдел
Последующие сведения об ответственности составитель: Л. В. Чернова
-- редактор: И. Г. Палилова
210 ## - ПУБЛИКАЦИЯ, РАСПРОСТРАНЕНИЕ И ДР.
Дата издания, распространения и т.д. 1970
215 ## - ФИЗИЧЕСКАЯ ХАРАКТЕРИСТИКА
Специфическое обозначение материала и объем 125, [2] с.
300 ## - ОБЩИЕ ПРИМЕЧАНИЯ
Текст примечания Подзаг. вып.: Библиографический указатель литературы ... отечественной в количестве 459 названий и иностранной в количестве 210 названий
300 ## - ОБЩИЕ ПРИМЕЧАНИЯ
Текст примечания На обороте тит. л.: Составлен 25 декабря 1969 г.
461 #0 - УРОВЕНЬ НАБОРА
Встроенное поле 001rc\3321018
-- 2001#$aИзвесткование сельскохозяйственных земель$eбиблиографический указатель литературы ...$fВсесоюзная академия с.-х. наук имени В. И. Ленина, Центральная научная сельскохозяйственная библиотека$v... за 1965-1969 гг. ...
Системный номер (АБИС) связанной записи 7689120
Место публикации Москва
Дата публикации 1970-1989
Первые сведения об ответственности Всесоюзная академия с.-х. наук имени В. И. Ленина, Центральная научная сельскохозяйственная библиотека
Имя издателя, распространителя и т.д. ЦНСХБ ВАСХНИЛ
Сведения, относящиеся к заглавию библиографический указатель литературы ...
Заглавие Известкование сельскохозяйственных земель
Номер тома ... за 1965-1969 гг. ...
702 #1 - ИМЯ ЛИЦА - ВТОРИЧНАЯ ОТВЕТСТВЕННОСТЬ
Код отношения Составитель
Графика поля Кириллица
Материалы, к которым относится поле rus
Начальный элемент ввода Чернова
Часть имени, кроме начального элемента ввода Л. В.
Дополнения к именам, кроме дат библиограф
Даты 1935-
Расширение инициалов личного имени Лилия Васильевна
Системный номер авторитетной/нормативной записи 226471
Идентификатор авторитетной/нормативной записи RU\NLR\AUTH\770226527
702 #1 - ИМЯ ЛИЦА - ВТОРИЧНАЯ ОТВЕТСТВЕННОСТЬ
Код отношения Редактор
Графика поля Кириллица
Материалы, к которым относится поле rus
Начальный элемент ввода Палилова
Часть имени, кроме начального элемента ввода И. Г.
Дополнения к именам, кроме дат библиограф
Даты 1928-2010
Расширение инициалов личного имени Ирина Геннадиевна
Системный номер авторитетной/нормативной записи 225367
Идентификатор авторитетной/нормативной записи RU\NLR\AUTH\770225423
712 02 - НАИМЕНОВАНИЕ ОРГАНИЗАЦИИ - ВТОРИЧНАЯ ОТВЕТСТВЕННОСТЬ
Код отношения Прочие
Начальный элемент ввода Центральная научная сельскохозяйственная библиотека
Структурное подразделение Справочно-библиографический отдел
Идентифицирующий признак Москва
Системный номер авторитетной/нормативной записи 2708408
Идентификатор авторитетной/нормативной записи RU\NLR\AUTH\880642432
852 ## - МЕСТОНАХОЖДЕНИЕ И ШИФР ХРАНЕНИЯ
Идентификатор организации NLR
Шифр хранения (Call Number) с365-410/И-33
942 ## - ДОПОЛНИТЕЛЬНЫЕ ЭЛЕМЕНТЫ ЗАПИСИ (АБИС)
Тип экземпляра АБИС Книга
980 ## - КОЛЛЕКЦИЯ
Название коллекции Национальная библиография
Экземпляры
Тип экземпляра Дата поступления Библиотека постоянного хранения Библиотека текущего хранения Место хранения Шифр хранения Штрих-код Статус экземпляра
Книга 26.10.2013 РНБ (Московский) РНБ (Московский) Центральная справочная библиотека С365-410/И-33 1-4228245  
Книга 30.03.2023 РНБ (Московский) РНБ (Московский) Центральная справочная библиотека С365-410/И-33 1-4228246